Onna no hataraki /

Saved in:
Bibliographic Details
Other Authors: Morosawa, Yōko, 1925-
Format: Book
Language:Japanese
Published: Tōkyō : Heibonsha, 1978.
Series:Dokyumento onna no hyakunen ; 3.
Subjects:
Tags: Add Tag
No Tags, Be the first to tag this record!
LEADER 01067nam a2200301 i 4500
001 007731233-3
005 20024617115958.0
008 910308s1978 ja a 000 0 jpn
010 |a 79800702 /J 
015 |a Ja*** 
035 0 |a ocm23208535 
040 |a DLC  |c WaU  |d *YNH*  |d CStRLIN 
050 0 |a HD6197  |b .O56 
245 0 0 |6 880-01  |a Onna no hataraki /  |c henshū kaisetsu Morosawa Yōko. 
260 |6 880-02  |a Tōkyō :  |b Heibonsha,  |c 1978. 
300 |a 357 p. :  |b ill. ;  |c 20 cm. 
490 1 |6 880-03  |a Dokyumento onna no hyakunen ;  |v 3 
650 0 |a Women  |x Employment  |z Japan  |x History. 
650 0 |a Women  |z Japan  |x Social conditions. 
700 1 |6 880-04  |a Morosawa, Yōko,  |d 1925- 
880 0 0 |6 245-01  |a 女のはたらき /  |c 編集解說もろさわようこ. 
880 |6 260-02  |a 東京 :  |b 平凡社,  |c 1978. 
880 1 |6 490-03  |a ドキュメント女の百年 ;  |v 3 
880 1 |6 700-04  |a もろさわようこ,  |d 1925- 
830 0 |6 880-53  |a Dokyumento onna no hyakunen ;  |v 3. 
880 0 |6 830-53  |a ドキュメント女の百年 ;  |v 3. 
988 |a 20021214 
906 |0 DLC